| 000 | 01172nam a2200349 c 4500 | ||
|---|---|---|---|
| 001 | 23124 | ||
| 003 | ES-MaCES | ||
| 005 | 20180118122042.0 | ||
| 008 | 100621s2001 lu t o000 | eng d | ||
| 020 | _a9289701269 | ||
| 035 | _aCES20100004879m | ||
| 040 |
_aES-MaCES _bspa _cES-MaCES |
||
| 245 | 0 | 0 |
_aWorking conditions in atypical work _cEuropean Foundation for the Improvement of Living and Working Conditions |
| 260 |
_aLuxembourg _bOffice for Official Publications of the European Communities _c2001 |
||
| 300 |
_a7 p. _c30 cm |
||
| 541 | _cGratuito | ||
| 650 | 4 |
_acondiciones de trabajo _928327 |
|
| 650 | 4 |
_acondiciones de empleo _930040 |
|
| 650 | 4 |
_aempleo precario _930171 |
|
| 650 | 4 |
_aempleo temporal _929000 |
|
| 650 | 4 |
_aempleo a tiempo parcial _926772 |
|
| 650 | 4 |
_atrabajo a cuenta propia _930170 |
|
| 650 | 4 |
_aencuesta _928856 |
|
| 650 | 4 |
_afolleto _928992 |
|
| 653 | 1 | 0 | _aEmpleo |
| 650 | 4 |
_929020 _apaís de la UE |
|
| 650 | 4 |
_926752 _aUE |
|
| 710 | 2 |
_93819 _aFundación Europea para la Mejora de las Condiciones de Vida y de Trabajo |
|
| 902 | _aLIB Libro | ||
| 942 |
_2CES _cBK _h2.1. |
||
| 999 |
_c23124 _d23124 |
||